Statistiques concernant Les Miraculous Chinois

Cliquez ici pour prendre le quiz!

Statistiques générales

  • Ce quiz a été pris 60 fois
  • Le résultat moyen est 73 sur 114

Statistiques - réponses

HintRéponse% Correct
Boucles d'oreilles
100%
CoccinelleCoccinelle
100%
Chat NoirChat Noir
97%
Tikki
97%
Yo-yo
97%
Bague
93%
Création
93%
Destruction
93%
Plagg
93%
AbeilleAbeille
90%
Bâton
90%
Bracelet
90%
Bracelet de cheville
90%
Bracelet Ouroboros
90%
Bracelet Panja
90%
Illusion
90%
Lucky Charm
90%
RenardRenard
90%
Ruyi Jingu Bang
90%
TortueTortue
90%
Cataclysme
87%
Collier
87%
PapillonPapillon
87%
Pendentif
87%
Broche
83%
Collier ras-de-cou
83%
Protection
83%
Trixx
83%
CoqCoq
80%
PaonPaon
80%
Pollen
80%
SerpentSerpent
80%
ChevalCheval
77%
ChienChien
77%
DragonDragon
77%
Flûte
77%
Bouclier
73%
Mirage
73%
Venin
73%
Wayzz
73%
CochonCochon
70%
Duusu
70%
Nooroo
70%
SingeSinge
70%
SourisSouris
70%
TigreTigre
70%
Action
67%
Barrettes
67%
ChèvreChèvre
67%
Multiplication
67%
Sass
67%
BoeufBœuf
63%
Émotion
63%
LapinLapin
63%
Mullo
63%
Toupie
63%
Akumatisation
60%
Amokization
60%
Éventail
60%
Longg
60%
Lunettes
60%
Roarr
60%
Seconde Chance
57%
Stompp
57%
Xuppu
57%
Ziggy
57%
Barkk
53%
Corde à sauter
53%
Daizzi
53%
Fluff
53%
Fougue
53%
Kaalki
53%
Orikko
53%
Transmission
53%
Éléments
50%
Évolution
50%
Exaltation
50%
Intuition
50%
Jubilation
50%
Multitude
50%
Perfection
50%
Prétention
50%
Rapporte
50%
Voyage
50%
Anneau de pouce
47%
Anneau nasale
47%
Balle
47%
Cadeau
47%
Dérision
47%
Détermination
47%
Lyre
47%
Montre
47%
Passion
47%
Plume
47%
Sabre
47%
Adoration
43%
Pagaille
43%
Peigne
43%
Terrier
43%
Maillet
40%
Parapluie
40%
Pinceau
40%
Tambourin
40%
Cane
37%
Genèse
37%
Migration
37%
Sublimation
37%
Fer à cheval
33%
Résistance
33%
Serre-tête
33%
Bolas
30%
Amulette
13%

Distribution des résultats

Percentile par nombre de réponses

% des personnes avec chaque résultat

Votre développement - résultats

Vous n’avez pas pris ce quiz